Understanding supply constraints in the housing market (Record no. 114466)
[ view plain ]
| 000 -LEADER | |
|---|---|
| fixed length control field | 01027cad a22002055a 4500 |
| 001 - CONTROL NUMBER | |
| control field | L156880 |
| 008 - FIXED-LENGTH DATA ELEMENTS--GENERAL INFORMATION | |
| fixed length control field | 120724s2012 xxk f 000 0 eng d |
| 035 ## - SYSTEM CONTROL NUMBER | |
| System control number | (Sirsi) u156880 |
| 041 0# - LANGUAGE CODE | |
| Language code of text/sound track or separate title | eng |
| 110 2# - MAIN ENTRY--CORPORATE NAME | |
| Corporate name or jurisdiction name as entry element | FTI Consulting |
| 9 (RLIN) | 6099 |
| 245 00 - TITLE STATEMENT | |
| Title | Understanding supply constraints in the housing market |
| Remainder of title | Final report |
| Medium | [electronic resource] |
| 260 ## - PUBLICATION, DISTRIBUTION, ETC. | |
| Place of publication, distribution, etc. | [S.l.] |
| Name of publisher, distributor, etc. | FTI Consulting |
| Date of publication, distribution, etc. | 2012 |
| 520 ## - SUMMARY, ETC. | |
| Summary, etc. | Assesses the characteristics of housing supply, identifies the factors which determine housing supplyand looks at how the housing market has changed since 2008. It also suggests potential policy responses for boosting housing supply within the current market framework. |
| 590 ## - LOCAL NOTE (RLIN) | |
| Local note | KA NTK |
| 651 #4 - SUBJECT ADDED ENTRY--GEOGRAPHIC NAME | |
| Geographic name | England |
| Chronological subdivision | 886- |
| 690 ## - LOCAL SUBJECT ADDED ENTRY--TOPICAL TERM (OCLC, RLIN) | |
| Topical term or geographic name as entry element | Residential property |
| 9 (RLIN) | 6266 |
| 710 1# - ADDED ENTRY--CORPORATE NAME | |
| Corporate name or jurisdiction name as entry element | Shelter |
| 9 (RLIN) | 2788 |
| 856 40 - ELECTRONIC LOCATION AND ACCESS | |
| Uniform Resource Identifier | <a href="https://england.shelter.org.uk/__data/assets/pdf_file/0006/576906/120716_Understanding_Supply_Constraints_in_the_Housing_Market.pdf">https://england.shelter.org.uk/__data/assets/pdf_file/0006/576906/120716_Understanding_Supply_Constraints_in_the_Housing_Market.pdf</a> |
| Public note | View the item free of charge from the www.england.shelter.org.uk website |
| 942 ## - ADDED ENTRY ELEMENTS (KOHA) | |
| Suppress in OPAC | 0 |
| Withdrawn status | Lost status | Source of classification or shelving scheme | Damaged status | Not for loan | Home library | Current library | Shelving location | Date acquired | Total Checkouts | Full call number | Barcode | Date last seen | Copy number | Price effective from | Koha item type |
|---|---|---|---|---|---|---|---|---|---|---|---|---|---|---|---|
| Dewey Decimal Classification | London | London | Online | 24/07/2012 | ONLINE PUBLICATION | 156880-1001 | 06/08/2019 | 1 | 06/08/2019 | Book |